<?xml version="1.0" encoding="UTF-8"?>
<record
    xmlns:xsi="http://www.w3.org/2001/XMLSchema-instance"
    xsi:schemaLocation="http://www.loc.gov/MARC21/slim http://www.loc.gov/standards/marcxml/schema/MARC21slim.xsd"
    xmlns="http://www.loc.gov/MARC21/slim">

  <leader>01357nam a2200373 a 4500</leader>
  <datafield tag="999" ind1=" " ind2=" ">
    <subfield code="c">22653</subfield>
    <subfield code="d">22653</subfield>
  </datafield>
  <controlfield tag="001">C00604531</controlfield>
  <controlfield tag="003">OSt</controlfield>
  <controlfield tag="005">20221212111158.0</controlfield>
  <controlfield tag="007">ta</controlfield>
  <controlfield tag="008">220223s2021    pe a   g      00010 spa</controlfield>
  <datafield tag="020" ind1=" " ind2=" ">
    <subfield code="a">9786124732546</subfield>
  </datafield>
  <datafield tag="040" ind1=" " ind2=" ">
    <subfield code="a">Biblioteca Municipal del Cusco</subfield>
    <subfield code="c">bmc</subfield>
  </datafield>
  <datafield tag="082" ind1="1" ind2="4">
    <subfield code="a">985.0091</subfield>
  </datafield>
  <datafield tag="100" ind1=" " ind2=" ">
    <subfield code="a">Cummins, Thomas</subfield>
    <subfield code="9">3242</subfield>
  </datafield>
  <datafield tag="245" ind1=" " ind2=" ">
    <subfield code="a">Vida y obra Fray Mart&#xED;n de Murua /</subfield>
    <subfield code="c">Thomas Cummins y Juan Ossio, curadores.</subfield>
  </datafield>
  <datafield tag="264" ind1="3" ind2="1">
    <subfield code="a">Lima :</subfield>
    <subfield code="b">EY, Ernest &amp; Young Per&#xFA;,</subfield>
    <subfield code="c">2019.</subfield>
  </datafield>
  <datafield tag="300" ind1=" " ind2=" ">
    <subfield code="a">461 p&#xE1;ginas. :</subfield>
    <subfield code="b">ilustraciones en color, facsimil, retratos ;</subfield>
    <subfield code="c">29 cm.</subfield>
  </datafield>
  <datafield tag="336" ind1=" " ind2=" ">
    <subfield code="a">Texto </subfield>
    <subfield code="2">rdacontent</subfield>
  </datafield>
  <datafield tag="337" ind1=" " ind2=" ">
    <subfield code="a">sin mediaci&#xF3;n </subfield>
    <subfield code="2">rdamedia</subfield>
  </datafield>
  <datafield tag="500" ind1=" " ind2=" ">
    <subfield code="a">Texto con encuadernaci&#xF3;n en tapa dura.</subfield>
  </datafield>
  <datafield tag="650" ind1="1" ind2="8">
    <subfield code="a">Incas</subfield>
    <subfield code="x">-Historia.</subfield>
    <subfield code="9">48205</subfield>
  </datafield>
  <datafield tag="650" ind1="1" ind2="8">
    <subfield code="a">Inkas</subfield>
    <subfield code="9">1899</subfield>
  </datafield>
  <datafield tag="650" ind1="2" ind2="8">
    <subfield code="a">Incas</subfield>
    <subfield code="x">-Aspectos religiosos.</subfield>
    <subfield code="9">48772</subfield>
  </datafield>
  <datafield tag="650" ind1="2" ind2="8">
    <subfield code="a">Incas</subfield>
    <subfield code="x">-Aspectos econ&#xF3;micos</subfield>
    <subfield code="z">-Per&#xFA;.</subfield>
    <subfield code="9">48773</subfield>
  </datafield>
  <datafield tag="650" ind1="2" ind2="8">
    <subfield code="a">Fray Mart&#xED;n de Murua</subfield>
    <subfield code="9">46497</subfield>
  </datafield>
  <datafield tag="650" ind1="2" ind2="8">
    <subfield code="a">Cronistas</subfield>
    <subfield code="9">1200</subfield>
  </datafield>
  <datafield tag="650" ind1="2" ind2="8">
    <subfield code="a">Cr&#xF3;nicas</subfield>
    <subfield code="9">48786</subfield>
  </datafield>
  <datafield tag="651" ind1=" " ind2="8">
    <subfield code="a">Per&#xFA;</subfield>
    <subfield code="x">-Historia</subfield>
    <subfield code="y">-&#xC9;poca Prehisp&#xE1;nica.</subfield>
    <subfield code="9">48011</subfield>
  </datafield>
  <datafield tag="700" ind1=" " ind2=" ">
    <subfield code="a">Ossio, Juan</subfield>
    <subfield code="e">curador</subfield>
    <subfield code="9">48787</subfield>
  </datafield>
  <datafield tag="710" ind1="2" ind2=" ">
    <subfield code="a">EY, Ernst &amp; Young Per&#xFA;,</subfield>
    <subfield code="e">entidad editora.</subfield>
    <subfield code="9">48776</subfield>
  </datafield>
  <datafield tag="856" ind1=" " ind2=" ">
    <subfield code="u">https://assets.ey.com/content/dam/ey-sites/ey-com/es_pe/topics/growth/ey-vida-obra-fray-martin-murua-v2.pdf</subfield>
    <subfield code="z">Leer en digital</subfield>
  </datafield>
  <datafield tag="942" ind1=" " ind2=" ">
    <subfield code="2">ddc</subfield>
    <subfield code="c">LIBROS</subfield>
  </datafield>
  <datafield tag="952" ind1=" " ind2=" ">
    <subfield code="0">0</subfield>
    <subfield code="1">0</subfield>
    <subfield code="2">ddc</subfield>
    <subfield code="4">0</subfield>
    <subfield code="7">0</subfield>
    <subfield code="a">SH</subfield>
    <subfield code="b">SH</subfield>
    <subfield code="c">CART</subfield>
    <subfield code="d">2022-12-12</subfield>
    <subfield code="e">Donaci&#xF3;n</subfield>
    <subfield code="g">100.00</subfield>
    <subfield code="o">985.0091/M97V</subfield>
    <subfield code="p">SH0000016490</subfield>
    <subfield code="r">2022-12-12</subfield>
    <subfield code="w">2022-12-12</subfield>
    <subfield code="y">LIBROS</subfield>
  </datafield>
</record>
